000 00266nam a22001097a 4500
008 170125b xxu||||| |||| 00| 0 eng d
020 _a9780721662442
041 _aeng
080 _a618.2
245 _aPHYSICAL AGENTS IN REHABILITATION
_cCAMERON, M.H
942 _2udc
_cBK
999 _c3612
_d3612